000 00419nam a2200157Ia 4500
005 20250401144328.0
008 231217s9999 xx 000 0 und d
020 _a9788131401248
082 _a658.3 KUM;1 R
100 _aKumar, K B S ed.
245 0 _aHRM practices : country experiences
260 _c2006
_bIcfai
_aHyderabad
300 _avii, 221
650 _aHRM,practices,country,experiences
942 _cAA
999 _c189787
_d189787